000 00732nam a2200253 a 4500
001 3297797
003 OSt
005 20140310182145.0
008 830927s1984 xx a 000 0 eng
010 _a 83048966
020 _a1855015978
040 _aDLC
_cDLC
_dDLC
050 0 0 _aTT 870
_b.C912pc 1985
082 0 0 _aHS 745.54
_bP197 1993
245 0 0 _aPaper crafts /
260 _a[S.l.] :
_bOttenheimer ;
_aNew York :
_bDistributed by Barnes & Noble,
_cc1984.
300 _a159 p. ;
_bill. (some col.) ;
_c17 cm.
440 _aCreative crafts for creative hands
_915382
500 _a"BN 4084"--Cover.
650 0 _aPaper work.
_915512
906 _a7
_bcbc
_corignew
_d3
_eocip
_f19
_gy-gencatlg
942 _2lcc
999 _c9920
_d9920